Trendy ve sňatkovém chování obyvatelstva České republiky ve 20. století

Faktory pôsobiace na množstvo uzavretých manželstiev. Štatistické údaje o úrovni uzavierania manželstiev v Českej republike za obdobie rokov 1901 - 2000. Obdobie "zlatého veku" rodiny (v podmienkach štátneho socializmu). Obdobie odkladaných a odmietaných sobášov. Príčiny poklesu počtu uzavretých ma...

Full description

Saved in:
Bibliographic Details
Main Author: Fialová, Ludmila
Format: Book Chapter
Language:Czech
Subjects:
Tags: Add Tag
No Tags, Be the first to tag this record!

MARC

LEADER 00000naa$a2200000$$$4500
001 0044790
005 20220715114554.8
041 0 |a cze 
044 |a CZ 
245 1 0 |a Trendy ve sňatkovém chování obyvatelstva České republiky ve 20. století  |c Ludmila Fialová 
520 |a Faktory pôsobiace na množstvo uzavretých manželstiev. Štatistické údaje o úrovni uzavierania manželstiev v Českej republike za obdobie rokov 1901 - 2000. Obdobie "zlatého veku" rodiny (v podmienkach štátneho socializmu). Obdobie odkladaných a odmietaných sobášov. Príčiny poklesu počtu uzavretých manželstiev. Vplyv liberalizmu a individualizmu. 
610 2 0 |a demografia 
610 2 0 |a ženy 
610 2 0 |a muži 
610 2 0 |a údaje štatistické 
610 2 0 |a manželstvo 
610 2 0 |a Česko 
100 1 |a Fialová, Ludmila